Normal view
MARC view
- Page, Andrew C.
Entry Personal Name
001 - CONTROL NUMBER
- control field: 36358
003 - CONTROL NUMBER IDENTIFIER
- control field: OSt
005 - DATE AND TIME OF LATEST TRANSACTION
- control field: 20141028115113.0
008 - FIXED-LENGTH DATA ELEMENTS
- fixed length control field: 141028|| aca||aabn | a|a d
040 ## - CATALOGING SOURCE
- Original cataloging agency: OSt
100 1# - HEADING--PERSONAL NAME
- Personal name: Page, Andrew C.
- Fuller form of name: (Andrew Charles),
- Dates associated with a name: 1964-